One Piece une image un Opening - Statistiques

Statistiques générales
  • Ce quiz a été pris 153 fois
  • Le résultat moyen est 8 sur 16
Statistiques - réponses
Par images Réponse % Correct
We Are
96%
We Go
73%
Bon Voyage
62%
Brand New World
58%
Believe
53%
Hands Up
53%
One Day
53%
Jungle P
43%
Crazy Rainbow
42%
Share The World
42%
Kokoro no Chizu
41%
Hard Knock Days
39%
Hikari E
39%
Wake Up
39%
We Fight Together
36%
Kaze Wo Sagashite
23%
Aucun quiz correspondant
Distribution des résultats
% des personnes avec chaque résultat
Percentile par nombre de réponses
Votre historique - résultats
Vous n’avez pas pris ce quiz